00791 2200229 4500001002100000005001700021008004100038035002500079040001200104082001500116084002000131100001900151245013700170260007300307300003200380500004300412504003000455650002900485700001700514850001200531990001800543INLIS00000000000959420150812115418.0  a0010-081500000001032 aYOPDYOG 223a616.85 aSK 616.85 Sup F aSUPARTININGSIH aFaktor-faktor yang berhubungan dengan kejadian depresi usia lanjut yang tinggal di pstw unit Budi Luhur Yogyakartac/ Supartiningsih aYogyakartabSekolah Tinggi Ilmu Kesehatan 'Aisyiyah Yogyakartac2008 axiii, 111 lembarc; 29,5 cm aSkripsi Program Studi Ilmu Keperawatan aBibliografi: hlm. 110-111 aDepresi Pada Usia Lanjut aYuli Isnaeni aYOPDYOG a47737-PD/A.15